<?xml version="1.0" encoding="UTF-8"?>
<record
    xmlns:xsi="http://www.w3.org/2001/XMLSchema-instance"
    xsi:schemaLocation="http://www.loc.gov/MARC21/slim http://www.loc.gov/standards/marcxml/schema/MARC21slim.xsd"
    xmlns="http://www.loc.gov/MARC21/slim">

  <leader>02294nam a2200301 a 4500</leader>
  <controlfield tag="001">000000786</controlfield>
  <controlfield tag="003">DO-SdBNP</controlfield>
  <controlfield tag="005">20260220125009.0</controlfield>
  <controlfield tag="008">090509s2001    dr            001 0 spa d</controlfield>
  <datafield tag="040" ind1=" " ind2=" ">
    <subfield code="a">DO-SdBNP</subfield>
    <subfield code="b">spa</subfield>
    <subfield code="c">BNPHU</subfield>
  </datafield>
  <datafield tag="082" ind1=" " ind2=" ">
    <subfield code="a">303.372</subfield>
    <subfield code="b">S583m</subfield>
  </datafield>
  <datafield tag="100" ind1="1" ind2=" ">
    <subfield code="a"> Sili&#xE9; Gat&#xF3;n, Jos&#xE9; A., </subfield>
    <subfield code="d">1920-2014</subfield>
    <subfield code="9">747</subfield>
  </datafield>
  <datafield tag="245" ind1="1" ind2="0">
    <subfield code="a">Moral y civismo /</subfield>
    <subfield code="c">Jos&#xE9; A. Sili&#xE9; Gat&#xF3;n.</subfield>
  </datafield>
  <datafield tag="260" ind1=" " ind2=" ">
    <subfield code="a">Santo Domingo :</subfield>
    <subfield code="b">Librer&#xED;a La Filantr&#xF3;pica,</subfield>
    <subfield code="c">2001.</subfield>
  </datafield>
  <datafield tag="300" ind1=" " ind2=" ">
    <subfield code="a">187 p. ;</subfield>
    <subfield code="c">22 cm.</subfield>
  </datafield>
  <datafield tag="504" ind1=" " ind2=" ">
    <subfield code="a">Bibliograf&#xED;a : p. 184</subfield>
  </datafield>
  <datafield tag="505" ind1="0" ind2=" ">
    <subfield code="t">Introducci&#xF3;n --</subfield>
    <subfield code="t">Educaci&#xF3;n --</subfield>
    <subfield code="t">La escuela --</subfield>
    <subfield code="t">La patria --</subfield>
    <subfield code="t">La bandera --</subfield>
    <subfield code="t">El escudo --</subfield>
    <subfield code="t">El himno nacional --</subfield>
    <subfield code="t">Civismo --</subfield>
    <subfield code="t">Soberan&#xED;a --</subfield>
    <subfield code="t">Democracia --</subfield>
    <subfield code="t">Reverencia a nuestros h&#xE9;roes --</subfield>
    <subfield code="t">Libertad --</subfield>
    <subfield code="t">Ciudadan&#xED;a --</subfield>
    <subfield code="t">Derechos ciudadanos --</subfield>
    <subfield code="t">Convivencia --</subfield>
    <subfield code="t">Educaci&#xF3;n dom&#xE9;stica --</subfield>
    <subfield code="t">Educaci&#xF3;n f&#xED;sica --</subfield>
    <subfield code="t">El hogar --</subfield>
    <subfield code="t">Patria potestad --</subfield>
    <subfield code="t">Buenos modales --</subfield>
    <subfield code="t">El respeto --</subfield>
    <subfield code="t">Cuidado de la palabra --</subfield>
    <subfield code="t">La pulcritud --</subfield>
    <subfield code="t">Ocupaci&#xF3;n del joven --</subfield>
    <subfield code="t">Conducta en la calle --</subfield>
    <subfield code="t">Amistad --</subfield>
    <subfield code="t">Caridad --</subfield>
    <subfield code="t">Honradez --</subfield>
    <subfield code="t">Honestidad --</subfield>
    <subfield code="t">Cortes&#xED;a --</subfield>
    <subfield code="t">Pudor --</subfield>
    <subfield code="t">La correcci&#xF3;n --</subfield>
    <subfield code="t">La comunicaci&#xF3;n social --</subfield>
    <subfield code="t">Trabajo --</subfield>
    <subfield code="t">Relaciones sexuales extramaritales --</subfield>
    <subfield code="t">Defensa del medio ambiente --</subfield>
    <subfield code="t">Justicia y paz --</subfield>
    <subfield code="t">Las drogas y la violencia --</subfield>
    <subfield code="t">Garant&#xED;a ciudadana --</subfield>
    <subfield code="t">Responsabilidad penal y civil de los padres --</subfield>
    <subfield code="t">La Naci&#xF3;n --</subfield>
    <subfield code="t">Las principales ciudades --</subfield>
    <subfield code="t">El Estado --</subfield>
    <subfield code="t">La Rep&#xFA;blica --</subfield>
    <subfield code="t">La Constituci&#xF3;n --</subfield>
    <subfield code="t">Poder p&#xFA;blico --</subfield>
    <subfield code="t">La autoridad --</subfield>
    <subfield code="t">Poder ejecutivo --</subfield>
    <subfield code="t">Poder legislativo --</subfield>
    <subfield code="t">Poder judicial --</subfield>
    <subfield code="t">El derecho --</subfield>
    <subfield code="t">La ley --</subfield>
    <subfield code="t">El derecho --</subfield>
    <subfield code="t">El reglamento --</subfield>
    <subfield code="t">La pol&#xED;tica --</subfield>
    <subfield code="t">Asambleas electorales --</subfield>
    <subfield code="t">El sufragio --</subfield>
    <subfield code="t">Obediencia al poder civil --</subfield>
    <subfield code="t">El estado y los recursos econ&#xF3;micos --</subfield>
    <subfield code="t">Los impuestos --</subfield>
    <subfield code="t">Bienes del estado --</subfield>
    <subfield code="t">Orden p&#xFA;blico --</subfield>
    <subfield code="t">Cuerpos policiales --</subfield>
    <subfield code="t">50 consejos &#xFA;tiles --</subfield>
    <subfield code="t">La oraci&#xF3;n del general Mac Arthur --</subfield>
    <subfield code="t">Bibliograf&#xED;a.</subfield>
  </datafield>
  <datafield tag="590" ind1=" " ind2=" ">
    <subfield code="a">Inventariado, 2018/BT</subfield>
  </datafield>
  <datafield tag="650" ind1=" " ind2="7">
    <subfield code="a">Educaci&#xF3;n moral</subfield>
    <subfield code="9">1607</subfield>
    <subfield code="2">LIBRUNAM</subfield>
  </datafield>
  <datafield tag="650" ind1=" " ind2="7">
    <subfield code="a">Educaci&#xF3;n c&#xED;vica</subfield>
    <subfield code="9">1206</subfield>
    <subfield code="2">LIBRUNAM</subfield>
  </datafield>
  <datafield tag="650" ind1=" " ind2="4">
    <subfield code="a">Her&#xE1;ldica</subfield>
    <subfield code="9">2728</subfield>
  </datafield>
  <datafield tag="650" ind1=" " ind2="4">
    <subfield code="a">Educaci&#xF3;n en el hogar</subfield>
    <subfield code="9">798</subfield>
  </datafield>
  <datafield tag="650" ind1=" " ind2="0">
    <subfield code="a">Conducta de vida </subfield>
    <subfield code="9">11947</subfield>
    <subfield code="2">LIBRUNAM </subfield>
  </datafield>
  <datafield tag="650" ind1=" " ind2="0">
    <subfield code="a">Valores (Filosof&#xED;a)</subfield>
    <subfield code="9">604</subfield>
  </datafield>
  <datafield tag="650" ind1=" " ind2="4">
    <subfield code="a">Educaci&#xF3;n para la vida familiar</subfield>
    <subfield code="9">2729</subfield>
  </datafield>
  <datafield tag="910" ind1=" " ind2=" ">
    <subfield code="a">Validado. Control de calidad. EMS</subfield>
  </datafield>
  <datafield tag="942" ind1=" " ind2=" ">
    <subfield code="2">ddc</subfield>
    <subfield code="c">LBS1</subfield>
  </datafield>
  <datafield tag="952" ind1=" " ind2=" ">
    <subfield code="0">0</subfield>
    <subfield code="1">0</subfield>
    <subfield code="2">ddc</subfield>
    <subfield code="5">6</subfield>
    <subfield code="7">5</subfield>
    <subfield code="8">DS</subfield>
    <subfield code="a">BNPHU</subfield>
    <subfield code="b">BNPHU</subfield>
    <subfield code="c">HD</subfield>
    <subfield code="d">2011-03-30</subfield>
    <subfield code="l">0</subfield>
    <subfield code="o">BNPHU DS 303.372 S583m</subfield>
    <subfield code="p">786-30</subfield>
    <subfield code="r">2020-06-25</subfield>
    <subfield code="t">e. 3</subfield>
    <subfield code="w">2020-06-25</subfield>
    <subfield code="y">LF1</subfield>
  </datafield>
  <datafield tag="952" ind1=" " ind2=" ">
    <subfield code="0">0</subfield>
    <subfield code="1">0</subfield>
    <subfield code="2">ddc</subfield>
    <subfield code="5">6</subfield>
    <subfield code="7">5</subfield>
    <subfield code="8">DS</subfield>
    <subfield code="a">BNPHU</subfield>
    <subfield code="b">BNPHU</subfield>
    <subfield code="c">HD</subfield>
    <subfield code="d">2019-02-22</subfield>
    <subfield code="l">0</subfield>
    <subfield code="o">BNPHU DS 303.372 S583m</subfield>
    <subfield code="p">786-50</subfield>
    <subfield code="r">2020-06-25</subfield>
    <subfield code="t">e. 4</subfield>
    <subfield code="w">2020-06-25</subfield>
    <subfield code="y">LF1</subfield>
  </datafield>
  <datafield tag="952" ind1=" " ind2=" ">
    <subfield code="0">0</subfield>
    <subfield code="1">0</subfield>
    <subfield code="2">ddc</subfield>
    <subfield code="5">1</subfield>
    <subfield code="7">2</subfield>
    <subfield code="8">PD</subfield>
    <subfield code="a">BNPHU</subfield>
    <subfield code="b">BNPHU</subfield>
    <subfield code="c">HD</subfield>
    <subfield code="d">2009-08-26</subfield>
    <subfield code="l">0</subfield>
    <subfield code="o">BNPHU PD 303.372 S583m</subfield>
    <subfield code="p">786-10</subfield>
    <subfield code="r">2020-06-25</subfield>
    <subfield code="w">2020-06-25</subfield>
    <subfield code="y">LF1</subfield>
  </datafield>
  <datafield tag="952" ind1=" " ind2=" ">
    <subfield code="0">0</subfield>
    <subfield code="1">0</subfield>
    <subfield code="2">ddc</subfield>
    <subfield code="5">3</subfield>
    <subfield code="7">2</subfield>
    <subfield code="8">PD</subfield>
    <subfield code="a">BNPHU</subfield>
    <subfield code="b">BNPHU</subfield>
    <subfield code="c">HD</subfield>
    <subfield code="d">2011-02-11</subfield>
    <subfield code="l">0</subfield>
    <subfield code="o">BNPHU PD 303.372 S583m</subfield>
    <subfield code="p">786-20</subfield>
    <subfield code="r">2020-06-25</subfield>
    <subfield code="t">e. 2</subfield>
    <subfield code="w">2020-06-25</subfield>
    <subfield code="y">LF1</subfield>
  </datafield>
  <datafield tag="999" ind1=" " ind2=" ">
    <subfield code="c">782</subfield>
    <subfield code="d">782</subfield>
  </datafield>
</record>
